000 00308nam a22001217a 4500
008 180518b xxu||||| |||| 00| 0 eng d
041 _aeng
080 _a043.3
100 _a0
101 _aMBE-BTH
245 _aAplikimi i sistemeve te Informacionit ne Menaxhim e Operacioneve
_cKosumi,J
942 _2udc
_cBK
999 _c45933
_d45933